000 00545nam a2200205Ia 4500
005 20250923144811.0
008 008 250917s9999 xx 000 0 eng d
037 _aTextual
040 _aDSWL
_beng
_cDSWL
041 _aeng
_2eng
084 _qDSWL
100 _aStroup, H.H.
_9828563
245 0 _aSocial work An Introduction to the field
_cby H.H. Stroup
260 _aNew York
_bYorkAmerican Book
_c1960
300 _ax,449p.
365 _aUSD
_b6.25
925 _g6.25
942 _cTEXL
999 _c1443515
_d1443515